| 000 | 00835nam a2200217 a 4500 | ||
|---|---|---|---|
| 003 | 0 | ||
| 005 | 20250421111017.0 | ||
| 008 | 970114s19uu xx 00 eng d | ||
| 050 |
_aPGS LB 1049.3 _b.Sa237 2003 |
||
| 100 | _aSantos, Timothy Adrian C. | ||
| 245 |
_aThe study habits and strategies of selected grade six students of Southville International School when preparing for an exam / _cTimothy Adrian C. Santos. |
||
| 260 |
_aLas PiƱas City, Philippines : _bSouthville International School and Colleges, _c2003. |
||
| 300 |
_a36 pages : _bcolored illustrations ; _c28 cm. |
||
| 504 | _aIncludes bibliographic references. | ||
| 650 | _aStudy skills. | ||
| 650 | _aStudy habits. | ||
| 650 | _aTest preparation. | ||
| 650 |
_aExaminations _vStudy guides. |
||
| 650 | _aAcademic achievement. | ||
| 942 |
_2lcc _cPASS |
||
| 999 |
_c96922 _d96922 |
||